[Event "Oberjoch"]
[Site "?"]
[Date "2002.??.??"]
[Round "1"]
[White "Trumpf, Walter"]
[Black "Kumeth, Hartmut"]
[Result "1-0"]
[WhiteElo "2105"]
[BlackElo "1643"]
[Annotator "ChessOrg"]
[PlyCount "75"]

1. d4 Nf6 2. Nc3 d5 3. e4 dxe4 4. f3 Bf5 5. fxe4 Bxe4 6. Nxe4 Nxe4 7. Bd3 Nf6
8. Nf3 e6 9. O-O Nc6 10. c3 Qd7 11. b4 a6 12. Bg5 Be7 13. Qe1 Nd5 14. a3 f6 15.
Bd2 O-O 16. Rc1 Rae8 17. c4 Nb6 18. Bc3 Bd8 19. b5 axb5 20. cxb5 Na7 21. a4 Nd5
22. Bb2 Be7 23. Kh1 Bd6 24. Qh4 g6 25. Nd2 Ne3 26. Rxf6 Rxf6 27. Qxf6 Qe7 28.
Ne4 Ng4 29. Qxe7 Rxe7 30. h3 Ne3 31. Nxd6 cxd6 32. Re1 Nf5 33. g4 Ng7 34. Ba3
Rd7 35. Rc1 Kf7 36. b6 Nc6 37. Bb5 e5 38. d5 1-0

[Event "Oberjoch"]
[Site "?"]
[Date "2002.??.??"]
[Round "1"]
[White "Aigner, Georg"]
[Black "Stark, Ingo"]
[Result "1-0"]
[WhiteElo "1787"]
[BlackElo "2187"]
[Annotator "ChessOrg"]
[PlyCount "61"]

1. e4 c5 2. Nf3 d6 3. d4 cxd4 4. Nxd4 Nf6 5. Bd3 e5 6. Nb5 a6 7. N5c3 Be7 8.
Nd2 b5 9. a3 Bb7 10. Ne2 Nbd7 11. Ng3 O-O 12. O-O Re8 13. c4 Nc5 14. Qc2 Ne6
15. cxb5 Nd4 16. Qd1 d5 17. bxa6 Bc6 18. f3 Qb6 19. Kh1 Rad8 20. exd5 Bxd5 21.
Nc4 Qb8 22. a7 Qxa7 23. Nxe5 Bc5 24. Re1 Nb3 25. Rb1 Bd6 26. Nc4 Rxe1+ 27. Qxe1
Qa6 28. Qf1 Nc5 29. Be2 Bxg3 30. hxg3 Nh5 31. Kh2 1-0

[Event "Oberjoch"]
[Site "?"]
[Date "2002.??.??"]
[Round "1"]
[White "Wempe, Juergen"]
[Black "Mannaberg, Steffen"]
[Result "0-1"]
[WhiteElo "2167"]
[BlackElo "1765"]
[Annotator "ChessOrg"]
[PlyCount "79"]

1. d4 Nf6 2. Nf3 g6 3. Bg5 Bg7 4. Nbd2 d6 5. h3 Nc6 6. e3 O-O 7. Be2 h6 8. Bf4
Re8 9. Nf1 Bd7 10. d5 Nb4 11. c4 Bf5 12. Nd4 Bd7 13. a3 Na6 14. Qc2 c5 15. dxc6
bxc6 16. Nb3 Rb8 17. c5 Bf5 18. Qd1 Nxc5 19. Nxc5 Rxb2 20. Nd3 Qa5+ 21. Nd2
Bxd3 22. Bxd3 Nd5 23. Rc1 Nc3 24. Rxc3 Bxc3 25. e4 g5 26. Be3 Qxa3 27. Bc4 d5
28. O-O Qb4 29. Qh5 dxc4 30. Qxh6 Bg7 31. Qxg5 c3 32. Bc5 Qb5 33. Nf3 Rb1 34.
Rxb1 Qxb1+ 35. Kh2 Qxe4 36. Bxa7 e5 37. Be3 Qg6 38. Qh4 e4 39. Ne1 Qd6+ 40. g3
0-1

[Event "Oberjoch"]
[Site "?"]
[Date "2002.??.??"]
[Round "1"]
[White "Hartmann, Rudi"]
[Black "Fischer, Roger"]
[Result "0-1"]
[WhiteElo "1750"]
[BlackElo "2161"]
[Annotator "ChessOrg"]
[PlyCount "128"]

1. e4 d6 2. d4 Nf6 3. Bd3 e5 4. d5 Nbd7 5. f3 Be7 6. Ne2 O-O 7. c4 Nc5 8. O-O
Nfd7 9. g4 Bg5 10. Bc2 a5 11. Bxg5 Qxg5 12. Qd2 Qe7 13. Nbc3 g6 14. Ng3 Nb6 15.
Qe2 c6 16. Kg2 Bd7 17. Rfc1 Kh8 18. b3 Rg8 19. Qe3 Raf8 20. Qe2 f5 21. Rf1 Qh4
22. h3 h5 23. Qd2 Qe7 24. Qh6+ Qh7 25. Qxh7+ Kxh7 26. gxh5 f4 27. Nge2 gxh5+
28. Kh2 Rf6 29. Rg1 Rfg6 30. Rxg6 Rxg6 31. Rg1 Rxg1 32. Nxg1 Kh6 33. Bb1 Kg5
34. Bc2 Kh4 35. Bb1 a4 36. Bc2 axb3 37. axb3 Na6 38. Na2 c5 39. Bd3 Na8 40. Be2
N8c7 41. Bd3 Nb4 42. Nxb4 cxb4 43. Be2 Na6 44. Bd3 Nc5 45. Bc2 b5 46. cxb5 Bxb5
47. Kg2 Nd3 48. Bd1 Bd7 49. Be2 Ne1+ 50. Kh2 Nc2 51. Bd3 Nd4 52. Bc4 Nc2 53.
Bd3 Ne3 54. Be2 Bc8 55. Bd3 Nd1 56. Be2 Nf2 57. Bf1 Bd7 58. Be2 Bxh3 59. Nxh3
Nxh3 60. Kg2 Ng5 61. Ba6 Nf7 62. Bb7 Kg5 63. Kh3 Kf6 64. Kh4 Ng5 0-1

[Event "Oberjoch"]
[Site "?"]
[Date "2002.??.??"]
[Round "1"]
[White "Ten Berge, Hans"]
[Black "Sakowski, Christian"]
[Result "1-0"]
[WhiteElo "2133"]
[BlackElo "1715"]
[Annotator "ChessOrg"]
[PlyCount "129"]

1. e4 c6 2. d4 d5 3. exd5 cxd5 4. c4 Nf6 5. Nc3 e6 6. Nf3 Bb4 7. cxd5 Bxc3+ 8.
bxc3 Nxd5 9. Qc2 O-O 10. Bd3 Nf6 11. O-O Nbd7 12. Bg5 Qc7 13. Rfe1 h6 14. Bh4
Nd5 15. Rac1 N7f6 16. Qd2 Qf4 17. c4 Qxd2 18. Nxd2 Nf4 19. Bc2 b6 20. Ne4 N6h5
21. Be7 Re8 22. Ba3 Ba6 23. g3 Ng6 24. Nd6 Red8 25. Bxg6 fxg6 26. Rxe6 Nf6 27.
Rce1 Rd7 28. Re7 Rad8 29. c5 bxc5 30. dxc5 g5 31. Rxd7 Rxd7 32. Bb4 Bd3 33. Ba5
Bg6 34. f3 Kf8 35. Kf2 Bd3 36. Ke3 Bg6 37. Kd4 a6 38. Bb6 Bh7 39. Kc4 Bg8+ 40.
Kb4 Bxa2 41. Ka5 Bd5 42. Re3 Bc6 43. Kxa6 Re7 44. Rxe7 Kxe7 45. Nf5+ Kd7 46.
Nd4 Nd5 47. Ba5 g6 48. Bd2 Nc7+ 49. Ka5 Nd5 50. h3 Nf6 51. Kb4 Nh5 52. Be1 Ng7
53. Nxc6 Kxc6 54. Kc4 Ne6 55. Bf2 h5 56. Be3 g4 57. hxg4 hxg4 58. fxg4 Nc7 59.
Kd4 Nd5 60. Ke4 Nf6+ 61. Kf4 Nd5+ 62. Kf3 g5 63. Bd4 Ne7 64. Ke4 Nd5 65. Kf5
1-0

[Event "Oberjoch"]
[Site "?"]
[Date "2002.??.??"]
[Round "1"]
[White "Oser, Thor"]
[Black "Gerhardt, Peter-Michael"]
[Result "0-1"]
[WhiteElo "1684"]
[BlackElo "2122"]
[Annotator "ChessOrg"]
[PlyCount "86"]

1. g3 g6 2. d4 Bg7 3. Bg2 Nf6 4. e4 d6 5. c3 O-O 6. Nd2 Nbd7 7. Ngf3 c5 8. O-O
Rb8 9. Qa4 a6 10. Qc2 Qc7 11. Nb3 cxd4 12. Nfxd4 b5 13. Bd2 Bb7 14. Rfe1 Ne5
15. Rad1 Nfd7 16. f4 Nc4 17. Bc1 Qb6 18. Qf2 Nf6 19. h3 e5 20. Nc2 Qc7 21. Nb4
a5 22. Nd3 Rfe8 23. f5 a4 24. Na1 d5 25. exd5 Nxd5 26. fxg6 fxg6 27. Qc5 Qf7
28. Rf1 Qe6 29. Rde1 Ba8 30. Nc2 Bf8 31. Qf2 Bg7 32. Qc5 Rec8 33. Qf2 Rf8 34.
Qe2 Ne7 35. Rxf8+ Rxf8 36. Nd4 Qf6 37. Kh2 exd4 38. Qxe7 Bxg2 39. Kxg2 dxc3 40.
Re6 Qd4 41. b3 Qxd3 42. Bf4 Nd2 43. Re2 Qf3+ 0-1

[Event "Oberjoch"]
[Site "?"]
[Date "2002.??.??"]
[Round "1"]
[White "Bullock, Alfred"]
[Black "Johannsen, Torsten"]
[Result "0-1"]
[WhiteElo "1545"]
[BlackElo "2017"]
[Annotator "ChessOrg"]
[PlyCount "80"]

1. e4 Nf6 2. d3 e5 3. Nf3 Nc6 4. Nbd2 d5 5. Be2 Be7 6. O-O O-O 7. c3 Re8 8. Qc2
Bg4 9. Re1 h6 10. Nf1 Bh5 11. Ng3 Bg6 12. Nh4 Bh7 13. Nhf5 Bf8 14. b4 Qd7 15.
b5 Ne7 16. Nxe7+ Bxe7 17. exd5 Qxb5 18. c4 Qa6 19. Qb3 Bc5 20. Rb1 Qb6 21. Qxb6
axb6 22. Rb2 Ra3 23. Rd2 Raa8 24. Rc2 c6 25. Be3 Bxe3 26. fxe3 cxd5 27. cxd5
Nxd5 28. Bf3 Bxd3 29. Rd2 e4 30. Nxe4 Bxe4 31. Bxe4 Rxe4 32. Rxd5 Rxa2 33. Rb5
Rc4 34. Rxb6 Rcc2 35. Rxb7 Rxg2+ 36. Kh1 Rxh2+ 37. Kg1 Rag2+ 38. Kf1 Rf2+ 39.
Kg1 Rhg2+ 40. Kh1 Re2 0-1

[Event "Oberjoch"]
[Site "?"]
[Date "2002.??.??"]
[Round "1"]
[White "Kuerten, Jens"]
[Black "Wolf, Rudolf"]
[Result "1-0"]
[WhiteElo "2016"]
[BlackElo "1450"]
[Annotator "ChessOrg"]
[PlyCount "55"]

1. e4 c5 2. Nc3 Nc6 3. Nf3 d6 4. d3 g6 5. Be3 Bg7 6. g3 Bg4 7. Bg2 Nd4 8. h3
Bxf3 9. Bxf3 Nxf3+ 10. Qxf3 Qa5 11. Bd2 Qd8 12. O-O e5 13. Nd5 Nf6 14. Bg5 O-O
15. Nxf6+ Bxf6 16. Bxf6 Qd7 17. Kg2 b5 18. Qe3 Qe6 19. Qg5 h6 20. Qh4 g5 21.
Qxh6 Qxf6 22. Qxf6 Rfd8 23. h4 gxh4 24. Rh1 Kf8 25. Rxh4 Ke8 26. Rh8+ Kd7 27.
Qxf7+ Kc6 28. Rh7 1-0

[Event "Oberjoch"]
[Site "?"]
[Date "2002.??.??"]
[Round "1"]
[White "Wagner, Klaus"]
[Black "Schmidt, Werner"]
[Result "0-1"]
[WhiteElo "1407"]
[BlackElo "1988"]
[Annotator "ChessOrg"]
[PlyCount "80"]

1. e4 e5 2. Bc4 Nf6 3. Nc3 Nc6 4. Nf3 Nxe4 5. Nd5 Nd6 6. Bb3 Be7 7. d4 exd4 8.
Qe2 O-O 9. O-O Bf6 10. Qd1 Nf5 11. Nxf6+ Qxf6 12. Bg5 Qg6 13. Re1 h6 14. Bf4 d6
15. Bd5 Nfe7 16. Be4 Qf6 17. Bg3 Bg4 18. Qd3 Bxf3 19. Bxf3 Rab8 20. Re4 Ng6 21.
Rae1 Nge5 22. Bxe5 dxe5 23. Qb5 a6 24. Qc5 Qd6 25. Qxd6 cxd6 26. Rh4 Ne7 27.
Be4 f5 28. Bd3 e4 29. Bc4+ Kh7 30. f3 Ng6 31. Rh5 Nf4 32. Rh4 g5 33. Rxf4 gxf4
34. fxe4 Rfe8 35. Bd5 Re5 36. Kf2 Rbe8 37. Kf3 Rxd5 38. exd5 Rxe1 39. Kxf4 Re5
40. g4 fxg4 0-1

[Event "Oberjoch"]
[Site "?"]
[Date "2002.??.??"]
[Round "1"]
[White "Niedergesaess, Herbert"]
[Black "Suess, Horst"]
[Result "1-0"]
[WhiteElo "1906"]
[BlackElo "1400"]
[Annotator "ChessOrg"]
[PlyCount "55"]

1. c4 e6 2. Nc3 Nf6 3. g3 c6 4. d4 d5 5. Qb3 b6 6. Bg2 Bb7 7. Nf3 Nbd7 8. cxd5
cxd5 9. O-O Be7 10. Bg5 h6 11. Bxf6 Nxf6 12. Ne5 O-O 13. Rac1 Rc8 14. e3 Ba6
15. Rfe1 Bc4 16. Qa4 Rc7 17. b3 b5 18. Nxb5 Bxb5 19. Qxb5 Rxc1 20. Rxc1 Ba3 21.
Rc2 Bd6 22. Nc6 Qd7 23. Qa6 Rc8 24. Qxc8+ Kh7 25. Qxd7 Nxd7 26. Nxa7 f5 27. Nb5
Be7 28. Rc7 1-0

[Event "Oberjoch"]
[Site "?"]
[Date "2002.??.??"]
[Round "1"]
[White "Laux, Dieter"]
[Black "Oettel, Lothar"]
[Result "1-0"]
[WhiteElo "1369"]
[BlackElo "1878"]
[Annotator "ChessOrg"]
[PlyCount "109"]

1. f4 Nf6 2. Nf3 g6 3. d3 d5 4. g3 Bg7 5. Bg2 O-O 6. O-O c6 7. h3 Nbd7 8. g4 h5
9. g5 Ne8 10. d4 Nd6 11. Nbd2 a5 12. a4 c5 13. Ne5 cxd4 14. Nxd7 Qxd7 15. Ra3
Nf5 16. Nf3 Ra6 17. h4 Qc7 18. Rd3 Rc6 19. Ne1 e6 20. Rh3 Bd7 21. b3 Rc3 22.
Rff3 Rxf3 23. Nxf3 Rc8 24. Ne1 e5 25. Bxd5 Ne3 26. Rxe3 dxe3 27. fxe5 Bxe5 28.
Bxe3 Bg7 29. Bf2 Bg4 30. Bf3 Rd8 31. Nd3 Bd4 32. Qe1 Qg3+ 33. Bg2 Bh3 34. Qf1
Bxf2+ 35. Qxf2 Qxf2+ 36. Kxf2 Bxg2 37. Kxg2 Kf8 38. e4 Ke7 39. Kf3 f6 40. Kf4
Rc8 41. gxf6+ Kxf6 42. c4 b6 43. e5+ Kf7 44. Kg5 Rd8 45. Nf4 Rd4 46. e6+ Kg7
47. e7 Re4 48. Nxg6 Kf7 49. Kxh5 Re3 50. Kh6 Rxb3 51. Kg5 Ra3 52. h5 Rxa4 53.
h6 Ra1 54. h7 Rh1 55. Nh4 1-0

[Event "Oberjoch"]
[Site "?"]
[Date "2002.??.??"]
[Round "2"]
[White "Ketzscher, Roland"]
[Black "Kuerten, Jens"]
[Result "1-0"]
[WhiteElo "2197"]
[BlackElo "2016"]
[Annotator "ChessOrg"]
[PlyCount "111"]

1. d4 Nf6 2. c4 g6 3. Nc3 Bg7 4. e4 d6 5. Be2 O-O 6. Nf3 e5 7. dxe5 dxe5 8.
Qxd8 Rxd8 9. Bg5 Re8 10. Nd5 Nxd5 11. cxd5 c6 12. Bc4 cxd5 13. Bxd5 Na6 14. O-O
Nc7 15. Bb3 Be6 16. Rfc1 Rec8 17. Bxe6 Nxe6 18. Rxc8+ Rxc8 19. Rc1 Rxc1+ 20.
Bxc1 Nc5 21. Be3 b6 22. Bxc5 bxc5 23. b3 f5 24. Nd2 Kf7 25. Kf1 Ke6 26. f3 Kd6
27. Ke2 Kc6 28. Kd3 a6 29. Nc4 Bf6 30. exf5 gxf5 31. Ne3 f4 32. Ng4 Bg7 33. Ke4
Kd6 34. Nf2 Kc6 35. Nd3 Kd6 36. Nb2 Ke6 37. Nc4 Bf6 38. g3 fxg3 39. hxg3 h5 40.
a3 Bg7 41. Ne3 Bf6 42. Nd5 Bd8 43. f4 exf4 44. Nxf4+ Kf6 45. Nxh5+ Kg5 46. Nf4
Kg4 47. Kd5 Be7 48. a4 a5 49. Ne6 Kxg3 50. Nxc5 Kf4 51. Nb7 Bb4 52. Kc4 Ke3 53.
Kb5 Kd4 54. Nxa5 Kc3 55. Nc6 Bd6 56. b4 1-0

[Event "Oberjoch"]
[Site "?"]
[Date "2002.??.??"]
[Round "2"]
[White "Fischer, Roger"]
[Black "Niedergesaess, Herbert"]
[Result "1-0"]
[WhiteElo "2161"]
[BlackElo "1906"]
[Annotator "ChessOrg"]
[PlyCount "43"]

1. Nf3 Nf6 2. c4 d5 3. cxd5 Nxd5 4. d4 g6 5. e4 Nb6 6. h3 Bg7 7. Nc3 O-O 8. Be2
N8d7 9. Be3 c6 10. Qd2 Re8 11. Rd1 Nf6 12. O-O Be6 13. b3 a5 14. Ng5 Bc8 15. d5
cxd5 16. exd5 h6 17. Nge4 Nxe4 18. Nxe4 Kh7 19. d6 Nd7 20. dxe7 Qxe7 21. Nd6
Rf8 22. Nxc8 1-0

[Event "Oberjoch"]
[Site "?"]
[Date "2002.??.??"]
[Round "2"]
[White "Schmidt, Werner"]
[Black "Ten Berge, Hans"]
[Result "1-0"]
[WhiteElo "1988"]
[BlackElo "2133"]
[Annotator "ChessOrg"]
[PlyCount "73"]

1. e4 e6 2. d4 d5 3. e5 c5 4. c3 Qb6 5. Nf3 Bd7 6. Be2 cxd4 7. cxd4 Bb5 8. O-O
Bxe2 9. Qxe2 Nc6 10. Rd1 Nge7 11. b3 Rc8 12. Bb2 Nf5 13. Qd2 Bb4 14. Qd3 O-O
15. g4 Nfe7 16. a3 Ba5 17. b4 Bxb4 18. axb4 Nxb4 19. Qb3 a5 20. Bc3 Nec6 21.
Bxb4 Nxb4 22. Nc3 Rc4 23. Na4 Qc6 24. Nc5 b6 25. Nd3 Rc3 26. Nxb4 axb4 27. Qxb4
Rxf3 28. Rdc1 Qb7 29. Kg2 Rf4 30. Kg3 g5 31. Qd6 Rc8 32. Ra7 Qb8 33. Rxc8+ Qxc8
34. Rc7 Qa6 35. Qd8+ Kg7 36. Qxg5+ Kf8 37. Kxf4 1-0

[Event "Oberjoch"]
[Site "?"]
[Date "2002.??.??"]
[Round "2"]
[White "Gerhardt, Peter-Michael"]
[Black "Aigner, Georg"]
[Result "0-1"]
[WhiteElo "2122"]
[BlackElo "1787"]
[Annotator "ChessOrg"]
[PlyCount "100"]

1. d4 d5 2. c4 dxc4 3. e4 c5 4. d5 e6 5. Bxc4 Nf6 6. Nc3 exd5 7. Nxd5 Nxd5 8.
Bxd5 Be7 9. Qb3 O-O 10. Nf3 Nd7 11. O-O Nb6 12. Rd1 Qc7 13. Bg5 Nxd5 14. exd5
Bd6 15. Qc4 Bd7 16. Rac1 Rfe8 17. Be3 Rac8 18. Qh4 Qd8 19. Bg5 f6 20. Be3 Re7
21. Nd2 Bf5 22. Qa4 a6 23. h3 Re5 24. Nf3 Re4 25. Qb3 Qd7 26. Rc4 b5 27. Rxe4
Bxe4 28. Bc1 Qf5 29. Nh4 Qe5 30. Nf3 Bxf3 31. Qxf3 Re8 32. g3 Kf7 33. Kg2 g6
34. Bf4 Qe7 35. Be3 Qe4 36. b3 f5 37. Rc1 Rc8 38. Qxe4 fxe4 39. f3 exf3+ 40.
Kxf3 c4 41. Bd4 Bb4 42. Rc2 Ke7 43. Be5 Bd6 44. Ke4 Bxe5 45. Kxe5 cxb3 46. d6+
Kd7 47. Rxc8 Kxc8 48. axb3 a5 49. Kd5 a4 50. bxa4 bxa4 0-1

[Event "Oberjoch"]
[Site "?"]
[Date "2002.??.??"]
[Round "2"]
[White "Mannaberg, Steffen"]
[Black "Trumpf, Walter"]
[Result "0-1"]
[WhiteElo "1765"]
[BlackElo "2105"]
[Annotator "ChessOrg"]
[PlyCount "96"]

1. d4 Nf6 2. c4 g6 3. Nc3 d5 4. cxd5 Nxd5 5. e4 Nxc3 6. bxc3 Bg7 7. Bc4 O-O 8.
Ne2 c5 9. Rb1 Nc6 10. Be3 cxd4 11. cxd4 Bg4 12. f3 Na5 13. Bd5 Bc8 14. a4 e6
15. Ba2 b6 16. O-O Ba6 17. Re1 Bc4 18. Bxc4 Nxc4 19. Bf2 Qd7 20. Qd3 Rac8 21.
Rb4 Na5 22. Qb5 Qxb5 23. axb5 Rc2 24. Rbb1 Rfc8 25. Bg3 Rd2 26. Rbc1 Rdc2 27.
Rxc2 Rxc2 28. Bb8 Nb3 29. e5 Bh6 30. f4 Ra2 31. g3 Bf8 32. Rb1 Nxd4 33. Nxd4
Bc5 34. Rd1 Ra4 35. Kg2 Bxd4 36. Bxa7 Rxa7 37. Rxd4 Ra2+ 38. Kf3 Rb2 39. h4
Rxb5 40. Kg4 Kg7 41. Rd7 h5+ 42. Kf3 Rb1 43. Rb7 b5 44. Ke2 b4 45. Rd7 b3 46.
Rd1 Rb2+ 47. Kf3 Rc2 48. Rd3 b2 0-1

[Event "Oberjoch"]
[Site "?"]
[Date "2002.??.??"]
[Round "2"]
[White "Johannsen, Torsten"]
[Black "Laux, Dieter"]
[Result "1-0"]
[WhiteElo "2017"]
[BlackElo "1369"]
[Annotator "ChessOrg"]
[PlyCount "73"]

1. c4 f5 2. g3 Nf6 3. Nc3 g6 4. Bg2 Bg7 5. e3 O-O 6. Nge2 d6 7. d4 c6 8. O-O
Bd7 9. b3 Qe8 10. Bb2 Na6 11. Qd2 Rc8 12. d5 Nc5 13. f3 Qf7 14. dxc6 bxc6 15.
a3 Nb7 16. Rad1 Rfd8 17. Nf4 g5 18. Nd3 Qg6 19. Qf2 c5 20. Qe1 Bc6 21. Nf2 e5
22. e4 fxe4 23. fxe4 g4 24. Bc1 Na5 25. Nd5 Bxd5 26. exd5 Nb7 27. Ne4 Rf8 28.
Nxf6+ Rxf6 29. Rxf6 Qxf6 30. Qe2 Qg6 31. Be4 Qh5 32. Rf1 Rf8 33. Rxf8+ Bxf8 34.
Qc2 Be7 35. Bf5 a5 36. Qe4 Qf7 37. Be6 1-0

[Event "Oberjoch"]
[Site "?"]
[Date "2002.??.??"]
[Round "2"]
[White "Stark, Ingo"]
[Black "Oser, Thor"]
[Result "1-0"]
[WhiteElo "2187"]
[BlackElo "1684"]
[Annotator "ChessOrg"]
[PlyCount "49"]

1. e4 c5 2. Nf3 Nc6 3. d4 cxd4 4. Nxd4 e6 5. Nb5 d6 6. Bf4 e5 7. Be3 Nf6 8. Bg5
Rb8 9. Nd2 a6 10. Bxf6 gxf6 11. Nc3 b5 12. a4 b4 13. Nd5 Bg7 14. Nc4 f5 15.
exf5 Bxf5 16. Nde3 Be6 17. Nxd6+ Ke7 18. Ndf5+ Kf8 19. Bxa6 Nd4 20. Bd3 Bf6 21.
O-O h5 22. Nxd4 Qxd4 23. Qf3 Ke7 24. a5 Ra8 25. Qb7+ 1-0

[Event "Oberjoch"]
[Site "?"]
[Date "2002.??.??"]
[Round "2"]
[White "Oettel, Lothar"]
[Black "Bullock, Alfred"]
[Result "1/2-1/2"]
[WhiteElo "1878"]
[BlackElo "1545"]
[Annotator "ChessOrg"]
[PlyCount "51"]

1. d4 d6 2. Nf3 Nd7 3. Bf4 Ngf6 4. h3 b6 5. e3 Bb7 6. Nbd2 g6 7. c3 Bg7 8. Be2
O-O 9. O-O Re8 10. Bc4 d5 11. Bb3 c5 12. Ne5 e6 13. Ba4 Qc8 14. Bg5 Rf8 15.
Ndf3 Nb8 16. Bf4 Nc6 17. Rc1 Ne4 18. Nd2 Nxe5 19. Nxe4 dxe4 20. dxe5 Rd8 21.
Qe2 Bc6 22. Bc2 Qc7 23. Qc4 Bd5 24. Qa4 Bc6 25. Qc4 Bd5 26. Qa4 1/2-1/2

[Event "Oberjoch"]
[Site "?"]
[Date "2002.??.??"]
[Round "2"]
[White "Suess, Horst"]
[Black "Hartmann, Rudi"]
[Result "0-1"]
[WhiteElo "1400"]
[BlackElo "1750"]
[Annotator "ChessOrg"]
[PlyCount "120"]

1. e4 c5 2. Nf3 d6 3. d4 cxd4 4. Nxd4 Nf6 5. Nc3 a6 6. Bd3 e6 7. Bg5 Be7 8. O-O
O-O 9. Qe2 Qc7 10. Rad1 Nbd7 11. Kh1 b5 12. a3 Bb7 13. f4 Rac8 14. Rd2 Rfe8 15.
f5 e5 16. Nf3 Nb6 17. h3 Qb8 18. Nh2 Nc4 19. Bxc4 Rxc4 20. Bxf6 Bxf6 21. Ng4
Bg5 22. Rd3 Rd4 23. Qf2 Rxd3 24. cxd3 Qc7 25. f6 h5 26. h4 Bxf6 27. Nxf6+ gxf6
28. Qxf6 Re6 29. Qg5+ Rg6 30. Qxh5 Qe7 31. Kh2 Bc8 32. Qf3 Qxh4+ 33. Kg1 Be6
34. Nd5 Bxd5 35. exd5 Qd4+ 36. Rf2 Qa7 37. Qf5 Qc7 38. d4 Qc1+ 39. Rf1 Qe3+ 40.
Qf2 exd4 41. Qxe3 dxe3 42. Re1 Rg5 43. Rxe3 Rxd5 44. Re2 Kg7 45. Kf2 Kf6 46.
Kf3 a5 47. g4 Re5 48. Rh2 Ke6 49. Rh8 Kd5 50. Rf8 Ke6 51. Re8+ Kd7 52. Rxe5
dxe5 53. Ke4 Ke6 54. b3 f6 55. Kd3 Kd5 56. Ke3 e4 57. Ke2 Kd4 58. a4 b4 59. Kd2
e3+ 60. Ke2 Ke4 0-1

[Event "Oberjoch"]
[Site "?"]
[Date "2002.??.??"]
[Round "2"]
[White "Sakowski, Christian"]
[Black "Wagner, Klaus"]
[Result "1-0"]
[WhiteElo "1715"]
[BlackElo "1407"]
[Annotator "ChessOrg"]
[PlyCount "69"]

1. d4 Nf6 2. Nf3 d6 3. c4 e6 4. Nc3 Bd7 5. e4 Bc6 6. Bg5 Be7 7. Bd3 h6 8. Bh4
Nh5 9. Bxe7 Qxe7 10. O-O Nf4 11. Re1 O-O 12. d5 Bd7 13. e5 Nxd3 14. Qxd3 Na6
15. Qd2 Nc5 16. exd6 cxd6 17. dxe6 fxe6 18. Rad1 Rxf3 19. gxf3 Bc6 20. Ne4 Nxe4
21. fxe4 e5 22. Re3 Qh4 23. f3 Qg5+ 24. Kh1 Rf8 25. Rg1 Qf6 26. Qg2 Rf7 27. Rd3
b6 28. Qg6 Bb7 29. Qxf6 Rxf6 30. Rgd1 Kh7 31. Kg2 Rg6+ 32. Kf2 d5 33. cxd5 Ba6
34. d6 Bxd3 35. Rxd3 1-0

[Event "Oberjoch"]
[Site "?"]
[Date "2002.??.??"]
[Round "3"]
[White "Johannsen, Torsten"]
[Black "Ketzscher, Roland"]
[Result "1/2-1/2"]
[WhiteElo "2017"]
[BlackElo "2197"]
[Annotator "ChessOrg"]
[PlyCount "123"]

1. c4 Nf6 2. Nc3 e6 3. e4 c5 4. e5 Ng8 5. Nf3 Nc6 6. Bd3 d6 7. exd6 Bxd6 8. Bb1
Nf6 9. d4 cxd4 10. Nxd4 Nxd4 11. Qxd4 O-O 12. Bg5 Be7 13. Qh4 h6 14. Bxf6 Bxf6
15. Qe4 g6 16. O-O Qc7 17. Qf3 Kg7 18. Bd3 Bxc3 19. bxc3 Bd7 20. Rab1 Bc6 21.
Be4 Bxe4 22. Qxe4 b6 23. a4 Rac8 24. a5 Qxc4 25. Qxc4 Rxc4 26. axb6 axb6 27.
Rxb6 Rxc3 28. h4 Rfc8 29. g3 R8c5 30. Rb7 Rc2 31. Ra7 Rf5 32. Ra3 g5 33. hxg5
Rxg5 34. Rf3 Kg6 35. Ra3 Rg4 36. Ra8 Kg7 37. Kg2 h5 38. Rh1 Rg5 39. Ra4 Rf5 40.
Rf1 Rd2 41. Rb4 Kf6 42. Ra4 e5 43. Ra6+ Kg7 44. Ra4 Re2 45. Ra5 Kg6 46. Ra6+ f6
47. Ra8 e4 48. Ra3 Re5 49. Kh3 Rd5 50. Kg2 Rdd2 51. Kg1 Kg5 52. Rb3 f5 53. Ra3
Rd5 54. Ra8 e3 55. Rg8+ Kh6 56. fxe3 Rxe3 57. Kg2 Rd2+ 58. Rf2 Rxf2+ 59. Kxf2
Re4 60. Kf3 Ra4 61. Rh8+ Kg6 62. Rg8+ 1/2-1/2

[Event "Oberjoch"]
[Site "?"]
[Date "2002.??.??"]
[Round "3"]
[White "Aigner, Georg"]
[Black "Fischer, Roger"]
[Result "1/2-1/2"]
[WhiteElo "1787"]
[BlackElo "2161"]
[Annotator "ChessOrg"]
[PlyCount "110"]

1. e4 d6 2. d4 Nf6 3. Bd3 e5 4. c3 Nc6 5. Ne2 d5 6. Bg5 Be7 7. Nd2 Nxe4 8. Bxe7
Qxe7 9. Bxe4 dxe4 10. d5 Nd8 11. Nxe4 O-O 12. Qd2 f5 13. d6 cxd6 14. Qxd6 Qe6
15. Qxe6+ Bxe6 16. Nc5 Bd5 17. Rg1 b6 18. Nd3 Nf7 19. b3 Rfd8 20. O-O-O Rac8
21. Nb4 Bb7 22. g3 Bf3 23. Rxd8+ Nxd8 24. Re1 e4 25. Kd2 Ne6 26. Nd4 Nxd4 27.
cxd4 Kf7 28. Rc1 Rxc1 29. Kxc1 Ke6 30. Kd2 g5 31. Ke3 Kd6 32. h4 h6 33. Nc2 b5
34. Nb4 Bh5 35. Na6 Bf7 36. hxg5 hxg5 37. Nb4 a5 38. Nc2 Bd5 39. Na3 Kc6 40.
Nc2 b4 41. Kd2 f4 42. Ne1 Kd6 43. gxf4 gxf4 44. Ke2 Bb7 45. Kd1 Kd5 46. Nc2 Ba6
47. Kd2 Bd3 48. Ne1 Kxd4 49. Nxd3 exd3 50. f3 Kc5 51. Kxd3 Kd5 52. Kc2 Ke5 53.
Kd3 Kd5 54. Ke2 Kd4 55. Kd2 Ke5 1/2-1/2

[Event "Oberjoch"]
[Site "?"]
[Date "2002.??.??"]
[Round "3"]
[White "Trumpf, Walter"]
[Black "Schmidt, Werner"]
[Result "1-0"]
[WhiteElo "2105"]
[BlackElo "1988"]
[Annotator "ChessOrg"]
[PlyCount "122"]

1. d4 Nf6 2. Nc3 d5 3. e4 dxe4 4. f3 Bf5 5. fxe4 Nxe4 6. Qf3 Nd6 7. Bf4 Qc8 8.
Bxd6 cxd6 9. Bb5+ Bd7 10. Bd3 Nc6 11. Nge2 g6 12. O-O Nd8 13. Rae1 Bg7 14. Qe3
e6 15. Ne4 Qc7 16. Nf6+ Kf8 17. Ng3 Bc6 18. d5 Bxf6 19. Rxf6 Bxd5 20. Qh6+ Ke7
21. Qg7 Re8 22. Rf2 Kd7 23. c4 Bc6 24. b4 b6 25. c5 bxc5 26. bxc5 Qa5 27. Rc1
d5 28. Ne2 Re7 29. Nd4 f5 30. Qe5 Qc7 31. Qf6 Rf7 32. Qg5 Rb8 33. a4 Bxa4 34.
c6+ Ke8 35. Re1 Bxc6 36. Nxe6 Nxe6 37. Rxe6+ Kd7 38. Rfe2 Qb6+ 39. Kf1 Kc8 40.
Rxc6+ Qxc6 41. Rc2 Rb1+ 42. Kf2 Qxc2+ 43. Bxc2 Rb2 44. Qd2 Kb8 45. Qc3 Rxc2+
46. Qxc2 Rd7 47. Qc6 Rd8 48. Ke3 d4+ 49. Kd3 f4 50. Qf6 Rd7 51. Qxf4+ Kc8 52.
Qe5 Kd8 53. Qh8+ Kc7 54. Qa8 Kb6 55. Qc8 Rc7 56. Qb8+ Kc6 57. Kxd4 Kd6 58. Qf8+
Ke6 59. g4 Rf7 60. Qg8 Ke7 61. Ke5 a5 1-0

[Event "Oberjoch"]
[Site "?"]
[Date "2002.??.??"]
[Round "3"]
[White "Niedergesaess, Herbert"]
[Black "Stark, Ingo"]
[Result "0-1"]
[WhiteElo "1906"]
[BlackElo "2187"]
[Annotator "ChessOrg"]
[PlyCount "48"]

1. c4 Nf6 2. Nc3 e6 3. Nf3 d5 4. d4 c5 5. cxd5 Nxd5 6. e4 Nxc3 7. bxc3 cxd4 8.
cxd4 Bb4+ 9. Bd2 Bxd2+ 10. Qxd2 O-O 11. Be2 b6 12. O-O Bb7 13. Qe3 Nd7 14. Nd2
Qe7 15. f3 Rac8 16. Bb5 Nf6 17. Nb3 Qb4 18. Be2 Rc3 19. Qf2 Rfc8 20. Rac1 Rxc1
21. Nxc1 Qd2 22. Bd3 Qxc1 23. e5 Nd5 24. Bxh7+ Kxh7 0-1

[Event "Oberjoch"]
[Site "?"]
[Date "2002.??.??"]
[Round "3"]
[White "Hartmann, Rudi"]
[Black "Wempe, Juergen"]
[Result "1/2-1/2"]
[WhiteElo "1750"]
[BlackElo "2167"]
[Annotator "ChessOrg"]
[PlyCount "104"]

1. d4 f5 2. c4 Nf6 3. Nc3 e6 4. e3 Bb4 5. a3 Bxc3+ 6. bxc3 Ne4 7. Qc2 c5 8. Nf3
Nc6 9. Bd3 Qa5 10. Bd2 cxd4 11. cxd4 Nxd2 12. Qxd2 b6 13. O-O Ba6 14. Rfc1 Rc8
15. Bf1 Qxd2 16. Nxd2 Na5 17. Rab1 d6 18. c5 Bxf1 19. Kxf1 Kd7 20. cxb6 Rxc1+
21. Rxc1 axb6 22. Nc4 Nxc4 23. Rxc4 Ra8 24. Rc3 Ra4 25. Ke2 b5 26. Kd2 g5 27.
Kd3 d5 28. Kd2 h5 29. Kd3 h4 30. Ke2 Rc4 31. Kd2 Kc6 32. Rd3 Kb6 33. Rb3 Ka5
34. Rd3 Ka4 35. Kd1 Rc8 36. Kd2 g4 37. Kd1 Rc7 38. Kd2 b4 39. axb4 Kxb4 40. Kd1
Ra7 41. Ke2 Ra1 42. Rd1 Rxd1 43. Kxd1 Kc3 44. Ke2 Kc2 45. g3 h3 46. Ke1 Kd3 47.
Kd1 Ke4 48. Ke2 e5 49. dxe5 Kxe5 50. Kd3 Ke6 51. Kc3 Kd6 52. Kd4 Ke6 1/2-1/2

[Event "Oberjoch"]
[Site "?"]
[Date "2002.??.??"]
[Round "3"]
[White "Ten Berge, Hans"]
[Black "Mannaberg, Steffen"]
[Result "1-0"]
[WhiteElo "2133"]
[BlackElo "1765"]
[Annotator "ChessOrg"]
[PlyCount "89"]

1. e4 d6 2. d4 Nf6 3. Nc3 g6 4. Bg5 Bg7 5. Qd2 h6 6. Bh4 Nbd7 7. O-O-O O-O 8.
f3 c5 9. dxc5 Nxc5 10. Bxf6 Bxf6 11. Qxh6 Bxc3 12. bxc3 Qa5 13. Bc4 Qxc3 14.
Qxg6+ Qg7 15. Qxg7+ Kxg7 16. Ne2 Bd7 17. g4 Rac8 18. Bd5 b5 19. a3 a5 20. Rd4
b4 21. axb4 axb4 22. Kb2 Rb8 23. h4 Rfc8 24. Bb3 Rb6 25. Rd2 Bb5 26. Nd4 Nxb3
27. cxb3 Bd7 28. Rc1 e5 29. Rxc8 Bxc8 30. Nc2 Bb7 31. Ne3 Bc8 32. Rc2 Be6 33.
Rc7 Rb5 34. Kc2 Ra5 35. Kb2 Kg6 36. Rb7 Bxb3 37. Nf5 Be6 38. Rxb4 Ra2+ 39. Kc1
Rf2 40. Rb6 Rxf3 41. Rxd6 Rf4 42. h5+ Kg5 43. h6 Rxe4 44. h7 Re1+ 45. Rd1 1-0